[Event "Baku Chess Olympiad | Open"]
[Site "chess24.com"]
[Date "2016.09.08"]
[Round "6"]
[White "Lupulescu, Constantin"]
[Black "Durarbayli, Vasif"]
[Result "1-0"]
[Board "1"]
[WhiteID "1207822"]
[WhiteElo "2618"]
[WhiteTitle "GM"]
[WhiteCountry "ROU"]
[WhiteFideId "1207822"]
[WhiteEloChange "5"]
[BlackID "13402935"]
[BlackElo "2612"]
[BlackTitle "GM"]
[BlackCountry "AZE"]
[BlackFideId "13402935"]
[BlackEloChange "-5"]

1. e4 {[%clk 1:30:57]} c5 {[%clk 1:28:26]} 2. Nf3 {[%clk 1:31:15]} Nc6 {[%clk
1:28:52]} 3. d4 {[%clk 1:31:41]} cxd4 {[%clk 1:29:13]} 4. Nxd4 {[%clk 1:32:07]}
Nf6 {[%clk 1:29:40]} 5. Nc3 {[%clk 1:32:33]} e5 {[%clk 1:30:07]} 6. Ndb5 {[%clk
1:32:19]} d6 {[%clk 1:30:32]} 7. Bg5 {[%clk 1:31:25]} a6 {[%clk 1:29:59]} 8. Na3
{[%clk 1:31:50]} b5 {[%clk 1:30:25]} 9. Nd5 {[%clk 1:32:09]} Be7 {[%clk 1:30:50]}
10. Bxf6 {[%clk 1:32:29]} Bxf6 {[%clk 1:31:16]} 11. c4 {[%clk 1:32:52]} b4 {[%clk
1:31:22]} 12. Nc2 {[%clk 1:33:06]} O-O {[%clk 1:31:27]} 13. g3 {[%clk 1:29:53]}
a5 {[%clk 1:27:28]} 14. h4 {[%clk 1:28:27]} Be6 {[%clk 1:27:35]} 15. Qd2 {[%clk
1:27:20]} Rc8 {[%clk 1:20:43]} 16. Nce3 {[%clk 1:26:29]} g6 {[%clk 1:16:47]} 17.
O-O-O {[%clk 1:22:59]} Bg7 {[%clk 1:13:46]} 18. h5 {[%clk 1:22:42]} Nd4 {[%clk
1:03:13]} 19. Kb1 {[%clk 1:03:19]} Nf3 {[%clk 0:56:11]} 20. Qd3 {[%clk 1:02:01]}
Rc5 {[%clk 0:55:13]} 21. Bg2 {[%clk 0:58:31]} Nd4 {[%clk 0:53:44]} 22. f4 {[%clk
0:58:36]} exf4 {[%clk 0:44:25]} 23. gxf4 {[%clk 0:58:44]} a4 {[%clk 0:44:07]} 24.
hxg6 {[%clk 0:43:17]} fxg6 {[%clk 0:44:22]} 25. f5 {[%clk 0:43:07]} Bxd5 {[%clk
0:41:18]} 26. Nxd5 {[%clk 0:41:00]} Rxd5 {[%clk 0:40:08]} 27. cxd5 {[%clk
0:39:52]} Qf6 {[%clk 0:35:19]} 28. fxg6 {[%clk 0:26:44]} Qxg6 {[%clk 0:33:21]}
29. e5 {[%clk 0:14:12]} Qxd3+ {[%clk 0:33:46]} 30. Rxd3 {[%clk 0:14:40]} Bxe5
{[%clk 0:34:12]} 31. Rf1 {[%clk 0:12:49]} Ne2 {[%clk 0:29:39]} 32. Rxf8+ {[%clk
0:12:48]} Kxf8 {[%clk 0:30:08]} 33. Rd2 {[%clk 0:11:58]} Nf4 {[%clk 0:29:41]} 34.
Be4 {[%clk 0:11:54]} h5 {[%clk 0:30:01]} 35. Rc2 {[%clk 0:10:01]} a3 {[%clk
0:30:16]} 36. bxa3 {[%clk 0:08:56]} bxa3 {[%clk 0:30:44]} 37. Kc1 {[%clk
0:09:09]} h4 {[%clk 0:28:13]} 38. Kd2 {[%clk 0:06:26]} h3 {[%clk 0:27:02]} 39.
Rc8+ {[%clk 0:01:40]} Kg7 {[%clk 0:24:20]} 40. Ra8 {[%clk 0:32:02]} Nh5 {[%clk
0:50:15]} 41. Rxa3 {[%clk 0:29:49]} Ng3 {[%clk 0:50:40]} 42. Ra7+ {[%clk
0:27:23]} Kf6 {[%clk 0:46:11]} 43. Bf3 {[%clk 0:27:10]} Kg6 {[%clk 0:41:08]} 44.
a4 {[%clk 0:19:43]} h2 {[%clk 0:41:25]} 45. a5 {[%clk 0:19:44]} h1Q {[%clk
0:37:11]} 46. Bxh1 {[%clk 0:20:03]} Nxh1 {[%clk 0:37:40]} 47. Re7 {[%clk
0:16:19]} Bd4 {[%clk 0:34:47]} 48. Kd3 {[%clk 0:15:43]} Bc5 {[%clk 0:34:46]} 49.
a6 {[%clk 0:15:21]} Ng3 {[%clk 0:31:42]} 50. Rc7 {[%clk 0:13:17]} Bg1 {[%clk
0:30:55]} 51. Rc2 {[%clk 0:13:15]} Kf5 {[%clk 0:31:19]} 52. Rg2 {[%clk 0:13:25]}
Ne4 {[%clk 0:31:31]} 53. Rxg1 {[%clk 0:13:26]} Nc5+ {[%clk 0:31:58]} 54. Kc4
{[%clk 0:12:51]} Nxa6 {[%clk 0:32:24]} 55. Rf1+ {[%clk 0:12:51]} 1-0

[Event "Baku Chess Olympiad | Open"]
[Site "chess24.com"]
[Date "2016.09.08"]
[Round "6"]
[White "Kazhgaleyev, Murtas"]
[Black "Neiksans, Arturs"]
[Result "0-1"]
[Board "3"]
[WhiteID "13700316"]
[WhiteElo "2594"]
[WhiteTitle "GM"]
[WhiteCountry "KAZ"]
[WhiteFideId "13700316"]
[WhiteEloChange "-5"]
[BlackID "11601388"]
[BlackElo "2628"]
[BlackTitle "GM"]
[BlackCountry "LAT"]
[BlackFideId "11601388"]
[BlackEloChange "5"]

1. d4 {[%clk 1:30:52]} Nf6 {[%clk 1:30:55]} 2. c4 {[%clk 1:31:19]} e6 {[%clk
1:31:19]} 3. Nc3 {[%clk 1:31:46]} Bb4 {[%clk 1:31:42]} 4. Nf3 {[%clk 1:32:11]} b6
{[%clk 1:31:39]} 5. e3 {[%clk 1:32:25]} Bb7 {[%clk 1:31:52]} 6. Bd3 {[%clk
1:32:49]} O-O {[%clk 1:32:05]} 7. O-O {[%clk 1:33:09]} d5 {[%clk 1:32:26]} 8.
cxd5 {[%clk 1:23:54]} exd5 {[%clk 1:32:31]} 9. a3 {[%clk 1:21:55]} Bd6 {[%clk
1:32:42]} 10. b4 {[%clk 1:18:26]} a6 {[%clk 1:33:01]} 11. Qb3 {[%clk 1:16:36]}
Qe7 {[%clk 1:33:18]} 12. b5 {[%clk 1:09:25]} axb5 {[%clk 1:32:09]} 13. Nxb5
{[%clk 1:07:11]} Nbd7 {[%clk 1:32:25]} 14. a4 {[%clk 1:06:43]} c5 {[%clk
1:32:32]} 15. Ba3 {[%clk 1:03:43]} Ba6 {[%clk 1:32:00]} 16. Rfd1 {[%clk 0:56:01]}
Bxb5 {[%clk 1:31:15]} 17. Bxb5 {[%clk 0:53:18]} c4 {[%clk 1:31:36]} 18. Bxd6
{[%clk 0:51:39]} Qxd6 {[%clk 1:32:01]} 19. Qa3 {[%clk 0:50:50]} Qe6 {[%clk
1:23:54]} 20. Qb4 {[%clk 0:42:07]} Ra5 {[%clk 1:18:16]} 21. h3 {[%clk 0:41:27]}
h6 {[%clk 1:08:51]} 22. Rab1 {[%clk 0:38:51]} Rfa8 {[%clk 1:08:03]} 23. Rdc1
{[%clk 0:34:49]} Ne4 {[%clk 1:01:59]} 24. Rb2 {[%clk 0:33:17]} g6 {[%clk
0:53:22]} 25. Rcb1 {[%clk 0:30:33]} Kg7 {[%clk 0:52:51]} 26. Rc2 {[%clk 0:26:16]}
R8a7 {[%clk 0:49:30]} 27. Rcb2 {[%clk 0:21:49]} Ng5 {[%clk 0:42:32]} 28. Nxg5
{[%clk 0:17:04]} hxg5 {[%clk 0:42:56]} 29. Bxd7 {[%clk 0:17:25]} Qxd7 {[%clk
0:43:00]} 30. Qxb6 {[%clk 0:17:34]} Rxa4 {[%clk 0:43:03]} 31. Qb8 {[%clk
0:16:35]} Qf5 {[%clk 0:26:44]} 32. Kh2 {[%clk 0:09:11]} c3 {[%clk 0:22:43]} 33.
Re2 {[%clk 0:04:15]} Ra2 {[%clk 0:05:39]} 34. Rbe1 {[%clk 0:03:57]} R7a3 {[%clk
0:03:22]} 35. Qc7 {[%clk 0:02:57]} Rb2 {[%clk 0:03:12]} 36. Qe5+ {[%clk 0:01:19]}
Qxe5+ {[%clk 0:02:14]} 37. dxe5 {[%clk 0:01:47]} Kf8 {[%clk 0:02:30]} 38. Kg3
{[%clk 0:01:59]} Ke7 {[%clk 0:02:55]} 39. Kf3 {[%clk 0:01:39]} Ke6 {[%clk
0:03:07]} 40. Rc1 {[%clk 0:31:40]} Raa2 {[%clk 0:30:36]} 41. Rxb2 {[%clk
0:30:42]} cxb2 {[%clk 0:29:17]} 42. Rc6+ {[%clk 0:26:05]} Kd7 {[%clk 0:21:04]}
43. Rb6 {[%clk 0:26:15]} Kc7 {[%clk 0:21:31]} 44. Rb3 {[%clk 0:25:52]} d4 {[%clk
0:19:39]} 45. exd4 {[%clk 0:21:16]} Ra3 {[%clk 0:20:02]} 46. Rxa3 {[%clk
0:21:41]} b1Q {[%clk 0:20:26]} 47. Kg3 {[%clk 0:21:06]} Kd8 {[%clk 0:16:18]} 48.
Rf3 {[%clk 0:16:17]} Ke7 {[%clk 0:16:08]} 49. Kg4 {[%clk 0:10:06]} Qe4+ {[%clk
0:11:33]} 50. Kxg5 {[%clk 0:10:18]} Qxd4 {[%clk 0:11:57]} 51. h4 {[%clk 0:09:02]}
Qe4 {[%clk 0:11:07]} 52. Kh6 {[%clk 0:07:04]} Kf8 {[%clk 0:09:44]} 53. Kg5 {[%clk
0:06:10]} Kg7 {[%clk 0:09:55]} 54. h5 {[%clk 0:04:32]} Qxe5+ {[%clk 0:10:09]} 55.
Kg4 {[%clk 0:06:28]} Qxh5+ {[%clk 0:09:23]} 56. Kg3 {[%clk 0:06:54]} g5 {[%clk
0:09:06]} 57. Rc3 {[%clk 0:05:26]} f5 {[%clk 0:09:08]} 58. Rc7+ {[%clk 0:05:21]}
Kf8 {[%clk 0:09:27]} 0-1

[Event "Baku Chess Olympiad | Open"]
[Site "chess24.com"]
[Date "2016.09.08"]
[Round "6"]
[White "Lorparizangeneh, Shahin"]
[Black "Svetushkin, Dmitry"]
[Result "*"]
[Board "3"]
[WhiteID "12521604"]
[WhiteElo "2478"]
[WhiteTitle "IM"]
[WhiteCountry "IRI"]
[WhiteFideId "12521604"]
[BlackID "13900463"]
[BlackElo "2543"]
[BlackTitle "GM"]
[BlackCountry "MDA"]
[BlackFideId "13900463"]

1. Nf3 {[%clk 1:30:53]} d5 {[%clk 1:30:04]} 2. g3 {[%clk 1:31:17]} c6 {[%clk
1:30:30]} 3. Bg2 {[%clk 1:31:43]} Bg4 {[%clk 1:30:55]} 4. O-O {[%clk 1:31:16]}
Nf6 {[%clk 1:31:17]} 5. h3 {[%clk 1:31:04]} Bh5 {[%clk 1:31:23]} 6. d4 {[%clk
1:31:06]} e6 {[%clk 1:31:29]} 7. c4 {[%clk 1:31:33]} Nbd7 {[%clk 1:30:47]} 8.
cxd5 {[%clk 1:31:30]} cxd5 {[%clk 1:27:11]} 9. Nc3 {[%clk 1:30:06]} Be7 {[%clk
1:27:22]} 10. Qb3 {[%clk 1:22:57]} Bxf3 {[%clk 1:19:54]} 11. Bxf3 {[%clk
1:21:40]} Qb6 {[%clk 1:20:18]} 12. e4 {[%clk 1:12:37]} dxe4 {[%clk 0:46:03]} 13.
Nxe4 {[%clk 1:12:27]} Nd5 {[%clk 0:42:06]} 14. Nc3 {[%clk 1:10:50]} N7f6 {[%clk
0:35:47]} 15. Nxd5 {[%clk 1:03:03]} Nxd5 {[%clk 0:36:04]} 16. Bxd5 {[%clk
1:02:59]} exd5 {[%clk 0:36:30]} 17. Qxd5 {[%clk 1:00:53]} O-O {[%clk 0:28:15]}
18. Be3 {[%clk 0:58:18]} Bf6 {[%clk 0:28:30]} 19. Rfd1 {[%clk 0:50:48]} Qxb2
{[%clk 0:25:39]} 20. Rab1 {[%clk 0:50:28]} Qc2 {[%clk 0:25:46]} 21. Rdc1 {[%clk
0:49:40]} Qe2 {[%clk 0:19:34]} 22. Rxb7 {[%clk 0:49:18]} Rae8 {[%clk 0:19:05]}
23. Rbc7 {[%clk 0:38:55]} Rxe3 {[%clk 0:13:07]} 24. fxe3 {[%clk 0:39:12]} Qxe3+
{[%clk 0:13:17]} 25. Kh2 {[%clk 0:39:38]} Qf2+ {[%clk 0:13:26]} 26. Qg2 {[%clk
0:39:54]} Qxd4 {[%clk 0:13:51]} 27. R7c4 {[%clk 0:22:20]} Qe3 {[%clk 0:13:45]}
28. Rf1 {[%clk 0:14:27]} Rd8 {[%clk 0:11:18]} 29. Rcf4 {[%clk 0:14:37]} h5 {[%clk
0:10:44]} 30. Qf3 {[%clk 0:13:28]} Qb6 {[%clk 0:08:37]} 31. h4 {[%clk 0:11:28]}
Rd2+ {[%clk 0:02:18]} 32. Rf2 {[%clk 0:11:46]} Rxf2+ {[%clk 0:02:14]} 33. Qxf2
{[%clk 0:12:09]} Qc7 {[%clk 0:01:01]} 34. Re4 {[%clk 0:03:20]} Be5 {[%clk
0:00:59]} 35. Qe3 {[%clk 0:03:22]} f6 {[%clk 0:01:12]} 36. Qf3 {[%clk 0:02:42]}
Qf7 {[%clk 0:00:59]} 37. Qb3 {[%clk 0:02:26]} Qxb3 {[%clk 0:01:11]} 38. axb3
{[%clk 0:02:55]} Bc7 {[%clk 0:00:53]} 39. Re7 {[%clk 0:03:06]} Bb6 {[%clk
0:01:20]} 40. Kg2 {[%clk 0:33:00]} Kh7 {[%clk 0:31:36]} 41. Kf3 {[%clk 0:32:25]}
Kg6 {[%clk 0:28:21]} 42. g4 {[%clk 0:29:47]} hxg4+ {[%clk 0:26:42]} 43. Kxg4
{[%clk 0:27:02]} f5+ {[%clk 0:25:25]} 44. Kf4 {[%clk 0:26:33]} Kf6 {[%clk
0:25:49]} 45. Rd7 {[%clk 0:25:52]} g6 {[%clk 0:26:13]} 46. Rd6+ {[%clk 0:17:00]}
Kf7 {[%clk 0:14:18]} 47. Rc6 {[%clk 0:16:13]} Bf2 {[%clk 0:11:06]} 48. h5 {[%clk
0:14:28]} gxh5 {[%clk 0:11:28]} 49. Kxf5 {[%clk 0:14:48]} Ke7 {[%clk 0:11:18]}
50. Rc2 {[%clk 0:09:16]} Bg3 {[%clk 0:08:23]} 51. Ra2 {[%clk 0:09:27]} Bb8 {[%clk
0:06:03]} 52. Kg5 {[%clk 0:07:18]} Kd7 {[%clk 0:06:18]} 53. Ra6 {[%clk 0:06:44]}
Kc8 {[%clk 0:06:35]} 54. Kxh5 {[%clk 0:01:42]} Kb7 {[%clk 0:06:59]} 55. Re6
{[%clk 0:01:34]} Bc7 {[%clk 0:05:53]} 56. Kg4 {[%clk 0:01:54]} Bb6 {[%clk
0:05:58]} 57. Kf5 {[%clk 0:02:05]} a6 {[%clk 0:06:05]} 58. Ke4 {[%clk 0:01:45]}
Bf2 {[%clk 0:06:24]} 59. Kd5 {[%clk 0:02:10]} Bg1 {[%clk 0:06:26]} *

[Event "Baku Chess Olympiad | Open"]
[Site "chess24.com"]
[Date "2016.09.08"]
[Round "6"]
[White "Cordova, Emilio"]
[Black "Ivanisevic, Ivan"]
[Result "*"]
[Board "1"]
[WhiteID "3801497"]
[WhiteElo "2638"]
[WhiteTitle "GM"]
[WhiteCountry "PER"]
[WhiteFideId "3801497"]
[BlackID "912417"]
[BlackElo "2650"]
[BlackTitle "GM"]
[BlackCountry "SRB"]
[BlackFideId "912417"]

1. Nf3 {[%clk 1:30:54]} d5 {[%clk 1:30:53]} 2. d4 {[%clk 1:31:10]} Nf6 {[%clk
1:31:14]} 3. c4 {[%clk 1:31:35]} e6 {[%clk 1:31:39]} 4. g3 {[%clk 1:31:45]} Bb4+
{[%clk 1:31:27]} 5. Bd2 {[%clk 1:30:41]} Be7 {[%clk 1:31:50]} 6. Bg2 {[%clk
1:30:52]} O-O {[%clk 1:32:12]} 7. O-O {[%clk 1:31:02]} Nbd7 {[%clk 1:32:36]} 8.
Qc2 {[%clk 1:30:27]} Ne4 {[%clk 1:31:55]} 9. Bc1 {[%clk 1:28:21]} c6 {[%clk
1:29:56]} 10. b3 {[%clk 1:25:37]} b5 {[%clk 1:27:29]} 11. cxb5 {[%clk 1:09:36]}
cxb5 {[%clk 1:27:49]} 12. Bf4 {[%clk 1:07:58]} Ba6 {[%clk 1:24:20]} 13. Rc1
{[%clk 1:01:30]} Rc8 {[%clk 1:20:30]} 14. Bc7 {[%clk 1:01:13]} Qe8 {[%clk
1:20:54]} 15. Qb2 {[%clk 1:01:24]} Ndf6 {[%clk 1:10:09]} 16. Ne5 {[%clk 0:58:18]}
b4 {[%clk 1:02:01]} 17. a3 {[%clk 0:54:23]} Qb5 {[%clk 0:59:43]} 18. axb4 {[%clk
0:52:02]} Qb7 {[%clk 0:47:00]} 19. Ba5 {[%clk 0:49:34]} Rxc1+ {[%clk 0:44:58]}
20. Qxc1 {[%clk 0:50:00]} Bxe2 {[%clk 0:39:35]} 21. f3 {[%clk 0:46:04]} Nd6
{[%clk 0:38:33]} 22. Nc3 {[%clk 0:33:00]} Rc8 {[%clk 0:37:12]} 23. Qe1 {[%clk
0:31:25]} Bb5 {[%clk 0:36:25]} 24. Bh3 {[%clk 0:31:40]} Bf8 {[%clk 0:35:06]} 25.
Rc1 {[%clk 0:25:32]} g6 {[%clk 0:33:55]} 26. Na4 {[%clk 0:25:37]} Nf5 {[%clk
0:29:38]} 27. Bxf5 {[%clk 0:22:36]} exf5 {[%clk 0:28:50]} 28. Nc5 {[%clk
0:22:03]} Qe7 {[%clk 0:27:42]} 29. Qd2 {[%clk 0:21:20]} Bg7 {[%clk 0:27:16]} 30.
Re1 {[%clk 0:18:05]} Qf8 {[%clk 0:23:27]} 31. Kg2 {[%clk 0:17:33]} h5 {[%clk
0:23:10]} 32. Ned3 {[%clk 0:05:16]} Bh6 {[%clk 0:22:18]} 33. Qf2 {[%clk 0:05:27]}
h4 {[%clk 0:21:49]} 34. Nb2 {[%clk 0:05:50]} Bg5 {[%clk 0:09:26]} 35. gxh4 {[%clk
0:03:03]} Bf4 {[%clk 0:09:01]} 36. Nd1 {[%clk 0:03:28]} Qh6 {[%clk 0:08:23]} 37.
Nc3 {[%clk 0:03:53]} a6 {[%clk 0:08:49]} 38. Nxb5 {[%clk 0:03:04]} axb5 {[%clk
0:09:14]} 39. Re2 {[%clk 0:03:08]} Bd6 {[%clk 0:07:30]} 40. Qe1 {[%clk 0:33:34]}
Kg7 {[%clk 0:36:28]} 41. Nd3 {[%clk 0:27:51]} Nd7 {[%clk 0:31:50]} 42. Nc5 {[%clk
0:26:18]} Nf6 {[%clk 0:32:08]} 43. Nd3 {[%clk 0:26:44]} Nh5 {[%clk 0:26:10]} 44.
Bb6 {[%clk 0:24:55]} Nf4+ {[%clk 0:24:40]} 45. Nxf4 {[%clk 0:25:20]} Qxf4 {[%clk
0:25:05]} 46. Qg3 {[%clk 0:25:38]} Rc3 {[%clk 0:21:42]} 47. Bc5 {[%clk 0:24:49]}
Bc7 {[%clk 0:21:13]} 48. Qxf4 {[%clk 0:19:49]} Bxf4 {[%clk 0:21:39]} 49. Re8
{[%clk 0:20:15]} Rxb3 {[%clk 0:17:53]} 50. Bf8+ {[%clk 0:19:55]} Kh7 {[%clk
0:18:00]} 51. Rd8 {[%clk 0:20:09]} Rb2+ {[%clk 0:17:11]} 52. Kf1 {[%clk 0:19:44]}
Rxh2 {[%clk 0:17:14]} 53. Be7 {[%clk 0:17:30]} Kg7 {[%clk 0:11:38]} 54. Rxd5
{[%clk 0:17:54]} Bg3 {[%clk 0:08:59]} 55. Rxb5 {[%clk 0:12:19]} Bxh4 {[%clk
0:08:10]} 56. Bxh4 {[%clk 0:05:36]} Rxh4 {[%clk 0:08:35]} 57. Rd5 {[%clk
0:06:03]} Rh2 {[%clk 0:08:40]} 58. Rd7 {[%clk 0:06:05]} Rb2 {[%clk 0:08:50]} 59.
Rb7 {[%clk 0:06:32]} Kf6 {[%clk 0:08:50]} 60. b5 {[%clk 0:03:35]} Rb4 {[%clk
0:07:13]} 61. d5 {[%clk 0:04:01]} Ke5 {[%clk 0:07:33]} 62. Rxf7 {[%clk 0:04:04]}
Rxb5 {[%clk 0:07:48]} 63. d6 {[%clk 0:04:12]} *

[Event "Baku Chess Olympiad | Open"]
[Site "chess24.com"]
[Date "2016.09.08"]
[Round "6"]
[White "Rombaldoni, Axel"]
[Black "Ebeling, Daniel"]
[Result "*"]
[Board "3"]
[WhiteID "815837"]
[WhiteElo "2567"]
[WhiteTitle "GM"]
[WhiteCountry "ITA"]
[WhiteFideId "815837"]
[BlackID "505170"]
[BlackElo "2468"]
[BlackTitle "IM"]
[BlackCountry "FIN"]
[BlackFideId "505170"]

1. d4 {[%clk 1:30:39]} d5 {[%clk 1:30:55]} 2. c4 {[%clk 1:30:49]} c6 {[%clk
1:31:21]} 3. Nf3 {[%clk 1:31:05]} e6 {[%clk 1:31:47]} 4. Nbd2 {[%clk 1:31:11]}
Nf6 {[%clk 1:31:59]} 5. g3 {[%clk 1:30:52]} Bd6 {[%clk 1:30:32]} 6. Bg2 {[%clk
1:30:55]} O-O {[%clk 1:30:49]} 7. O-O {[%clk 1:31:01]} Nbd7 {[%clk 1:30:41]} 8.
Qc2 {[%clk 1:28:27]} Re8 {[%clk 1:30:09]} 9. Rd1 {[%clk 1:27:18]} Qe7 {[%clk
1:29:01]} 10. Nh4 {[%clk 1:18:53]} Nf8 {[%clk 0:51:11]} 11. e4 {[%clk 0:59:46]}
dxe4 {[%clk 0:48:48]} 12. c5 {[%clk 0:55:05]} Bc7 {[%clk 0:48:27]} 13. Nxe4
{[%clk 0:55:18]} Nxe4 {[%clk 0:40:53]} 14. Bxe4 {[%clk 0:55:20]} e5 {[%clk
0:39:38]} 15. d5 {[%clk 0:52:51]} cxd5 {[%clk 0:39:28]} 16. Bxd5 {[%clk 0:53:01]}
Qf6 {[%clk 0:21:59]} 17. Be3 {[%clk 0:46:59]} Rd8 {[%clk 0:15:13]} 18. Be4 {[%clk
0:23:38]} g6 {[%clk 0:11:18]} 19. Rxd8 {[%clk 0:19:10]} Bxd8 {[%clk 0:08:52]} 20.
Nf3 {[%clk 0:15:42]} Bc7 {[%clk 0:05:46]} 21. c6 {[%clk 0:14:15]} bxc6 {[%clk
0:04:41]} 22. Bxc6 {[%clk 0:13:56]} Bf5 {[%clk 0:04:24]} 23. Qc4 {[%clk 0:07:47]}
Rb8 {[%clk 0:03:54]} 24. Rd1 {[%clk 0:04:58]} Be6 {[%clk 0:03:49]} 25. Qc3 {[%clk
0:03:07]} Bxa2 {[%clk 0:03:36]} 26. Ra1 {[%clk 0:02:17]} Be6 {[%clk 0:03:16]} 27.
Rxa7 {[%clk 0:02:45]} Rb3 {[%clk 0:03:27]} 28. Qc1 {[%clk 0:01:57]} e4 {[%clk
0:01:00]} 29. Ng5 {[%clk 0:01:43]} Bb6 {[%clk 0:00:55]} 30. Bxb6 {[%clk 0:00:54]}
Rxb6 {[%clk 0:01:23]} 31. Ra8 {[%clk 0:01:07]} Qxb2 {[%clk 0:00:45]} 32. Qc5
{[%clk 0:00:34]} Rb8 {[%clk 0:01:08]} 33. Rxb8 {[%clk 0:00:57]} Qxb8 {[%clk
0:01:33]} 34. Nxe4 {[%clk 0:01:08]} Qb2 {[%clk 0:01:16]} 35. h4 {[%clk 0:01:15]}
Bd7 {[%clk 0:00:50]} 36. Bd5 {[%clk 0:00:38]} Be6 {[%clk 0:01:17]} 37. Bc6 {[%clk
0:00:36]} Bd7 {[%clk 0:01:45]} 38. Bxd7 {[%clk 0:00:38]} Qb1+ {[%clk 0:02:05]}
39. Kh2 {[%clk 0:00:39]} Qxe4 {[%clk 0:02:04]} 40. Bh3 {[%clk 0:30:45]} h5 {[%clk
0:30:52]} 41. Bg2 {[%clk 0:30:14]} Qe2 {[%clk 0:30:47]} 42. Bd5 {[%clk 0:30:11]}
Qb2 {[%clk 0:29:45]} 43. Kg2 {[%clk 0:30:02]} Qf6 {[%clk 0:29:21]} 44. Qc6 {[%clk
0:29:52]} Qe5 {[%clk 0:27:38]} 45. Qb7 {[%clk 0:28:15]} Qf5 {[%clk 0:27:12]} 46.
Qa8 {[%clk 0:27:50]} Qe5 {[%clk 0:24:14]} 47. Qb7 {[%clk 0:28:01]} Qf6 {[%clk
0:21:15]} 48. Qc6 {[%clk 0:24:40]} Qf5 {[%clk 0:21:30]} 49. Qa8 {[%clk 0:22:30]}
Kg7 {[%clk 0:21:25]} 50. Qa1+ {[%clk 0:20:45]} Kh7 {[%clk 0:21:32]} 51. Qd1
{[%clk 0:19:07]} Qd7 {[%clk 0:18:36]} 52. Qf3 {[%clk 0:18:22]} Kg7 {[%clk
0:17:20]} 53. Qc3+ {[%clk 0:16:45]} Kg8 {[%clk 0:17:24]} 54. Qc6 {[%clk 0:14:35]}
Qe7 {[%clk 0:15:15]} 55. Qb7 {[%clk 0:13:13]} Qf6 {[%clk 0:14:32]} 56. Qc6 {[%clk
0:12:28]} Qf5 {[%clk 0:13:02]} 57. Qa8 {[%clk 0:12:13]} Kg7 {[%clk 0:12:28]} 58.
Qa1+ {[%clk 0:12:17]} Kh7 {[%clk 0:12:31]} 59. Qd1 {[%clk 0:12:13]} Kg8 {[%clk
0:12:48]} 60. Qf3 {[%clk 0:12:14]} Qd7 {[%clk 0:13:08]} 61. Qe4 {[%clk 0:12:08]}
Qd6 {[%clk 0:12:13]} 62. Qf3 {[%clk 0:11:37]} Qe7 {[%clk 0:11:41]} 63. Qe4 {[%clk
0:11:00]} Qf6 {[%clk 0:11:40]} 64. Qf3 {[%clk 0:11:08]} Qe7 {[%clk 0:10:53]} 65.
Qe4 {[%clk 0:11:24]} Qc7 {[%clk 0:10:15]} 66. Qc4 {[%clk 0:11:13]} Qa7 {[%clk
0:09:02]} 67. Qe4 {[%clk 0:10:57]} Qd7 {[%clk 0:09:11]} 68. Kg1 {[%clk 0:10:36]}
Qd6 {[%clk 0:08:41]} 69. Qf3 {[%clk 0:10:56]} Qe7 {[%clk 0:08:38]} 70. Qe4 {[%clk
0:11:15]} Qf6 {[%clk 0:08:52]} 71. Qf3 {[%clk 0:11:38]} *

[Event "Baku Chess Olympiad | Open"]
[Site "chess24.com"]
[Date "2016.09.08"]
[Round "6"]
[White "Ibarra Jerez, Jose Carlos"]
[Black "Fernandes, Antonio"]
[Result "*"]
[Board "4"]
[WhiteID "2226332"]
[WhiteElo "2566"]
[WhiteTitle "GM"]
[WhiteCountry "ESP"]
[WhiteFideId "2226332"]
[BlackID "1900021"]
[BlackElo "2413"]
[BlackTitle "GM"]
[BlackCountry "POR"]
[BlackFideId "1900021"]

1. e4 {[%clk 1:30:37]} e5 {[%clk 1:30:37]} 2. Bc4 {[%clk 1:27:57]} Nf6 {[%clk
1:06:23]} 3. d3 {[%clk 1:27:31]} c6 {[%clk 1:03:46]} 4. Nf3 {[%clk 1:27:09]} Be7
{[%clk 0:57:01]} 5. O-O {[%clk 1:26:34]} d6 {[%clk 0:53:27]} 6. c3 {[%clk
1:22:06]} O-O {[%clk 0:53:37]} 7. Re1 {[%clk 1:13:56]} Nbd7 {[%clk 0:48:01]} 8.
Bb3 {[%clk 1:11:39]} Nc5 {[%clk 0:42:15]} 9. Bc2 {[%clk 1:11:02]} Bg4 {[%clk
0:41:51]} 10. Nbd2 {[%clk 1:09:33]} Ne6 {[%clk 0:27:25]} 11. Nf1 {[%clk 1:02:31]}
g6 {[%clk 0:22:42]} 12. Ne3 {[%clk 0:43:47]} Bxf3 {[%clk 0:22:56]} 13. Qxf3
{[%clk 0:44:09]} Re8 {[%clk 0:22:56]} 14. h4 {[%clk 0:39:32]} Bf8 {[%clk
0:22:02]} 15. Bd2 {[%clk 0:36:16]} Bg7 {[%clk 0:21:28]} 16. g3 {[%clk 0:34:22]}
Qd7 {[%clk 0:19:34]} 17. Rad1 {[%clk 0:33:07]} Rad8 {[%clk 0:18:27]} 18. b4
{[%clk 0:31:18]} b5 {[%clk 0:14:29]} 19. Bb3 {[%clk 0:27:16]} d5 {[%clk 0:09:49]}
20. Nc2 {[%clk 0:25:10]} h5 {[%clk 0:03:00]} 21. a3 {[%clk 0:23:01]} a6 {[%clk
0:03:04]} 22. Bc1 {[%clk 0:21:01]} Ng4 {[%clk 0:02:13]} 23. Bb2 {[%clk 0:14:05]}
Qd6 {[%clk 0:02:07]} 24. a4 {[%clk 0:12:05]} Rd7 {[%clk 0:02:25]} 25. axb5 {[%clk
0:11:48]} axb5 {[%clk 0:02:53]} 26. Ra1 {[%clk 0:11:56]} Red8 {[%clk 0:01:34]}
27. Ne3 {[%clk 0:09:19]} Nxe3 {[%clk 0:01:38]} 28. Qxe3 {[%clk 0:09:47]} d4
{[%clk 0:01:36]} 29. cxd4 {[%clk 0:08:53]} Nxd4 {[%clk 0:01:57]} 30. Bxd4 {[%clk
0:07:16]} Qxd4 {[%clk 0:02:25]} 31. Qxd4 {[%clk 0:06:09]} Rxd4 {[%clk 0:02:54]}
32. Ra7 {[%clk 0:05:02]} R8d7 {[%clk 0:03:23]} 33. Ra8+ {[%clk 0:03:04]} Bf8
{[%clk 0:03:03]} 34. Rc1 {[%clk 0:02:58]} Rxd3 {[%clk 0:03:19]} 35. Rxc6 {[%clk
0:01:43]} Rxb3 {[%clk 0:03:26]} 36. Rcc8 {[%clk 0:02:12]} Kg7 {[%clk 0:02:28]}
37. Rxf8 {[%clk 0:02:36]} Rxb4 {[%clk 0:02:48]} 38. Rg8+ {[%clk 0:02:59]} Kf6
{[%clk 0:03:01]} 39. Ra6+ {[%clk 0:03:11]} Ke7 {[%clk 0:03:27]} 40. Rb8 {[%clk
0:33:04]} Rxe4 {[%clk 0:31:02]} 41. Rxb5 {[%clk 0:33:10]} Kf8 {[%clk 0:27:25]}
42. Raa5 {[%clk 0:28:54]} Re1+ {[%clk 0:27:18]} 43. Kg2 {[%clk 0:29:17]} e4
{[%clk 0:27:35]} 44. Rd5 {[%clk 0:29:24]} Re7 {[%clk 0:22:06]} 45. Re5 {[%clk
0:29:30]} Rxe5 {[%clk 0:18:00]} 46. Rxe5 {[%clk 0:29:57]} Kg7 {[%clk 0:18:13]}
47. Ra5 {[%clk 0:28:16]} Rd1 {[%clk 0:14:21]} 48. Ra4 {[%clk 0:27:20]} f5 {[%clk
0:14:25]} 49. Ra7+ {[%clk 0:25:04]} Kf6 {[%clk 0:14:52]} 50. Ra6+ {[%clk
0:25:18]} Kf7 {[%clk 0:15:13]} 51. Rb6 {[%clk 0:24:29]} Rd7 {[%clk 0:14:46]} 52.
Kf1 {[%clk 0:23:51]} Re7 {[%clk 0:15:10]} 53. Ke2 {[%clk 0:23:36]} Re6 {[%clk
0:15:37]} 54. Rb7+ {[%clk 0:23:09]} Kf6 {[%clk 0:16:01]} 55. Ke3 {[%clk 0:22:11]}
Ra6 {[%clk 0:14:40]} 56. Rb3 {[%clk 0:21:16]} g5 {[%clk 0:12:47]} 57. hxg5+
{[%clk 0:20:24]} Kxg5 {[%clk 0:13:13]} 58. f3 {[%clk 0:17:28]} Rd6 {[%clk
0:03:08]} 59. Ra3 {[%clk 0:13:38]} Rb6 {[%clk 0:03:05]} 60. Rc3 {[%clk 0:11:09]}
Ra6 {[%clk 0:03:26]} 61. Rb3 {[%clk 0:11:28]} Ra5 {[%clk 0:03:18]} 62. Rc3 {[%clk
0:11:35]} Rb5 {[%clk 0:03:41]} 63. Ra3 {[%clk 0:11:53]} Rc5 {[%clk 0:03:45]} 64.
Rb3 {[%clk 0:12:05]} Ra5 {[%clk 0:04:13]} 65. Rc3 {[%clk 0:12:23]} Ra4 {[%clk
0:04:34]} 66. Rb3 {[%clk 0:12:29]} Rc4 {[%clk 0:04:58]} 67. Ra3 {[%clk 0:12:13]}
Rb4 {[%clk 0:05:25]} 68. Rc3 {[%clk 0:12:34]} Ra4 {[%clk 0:05:53]} 69. Rb3 {[%clk
0:12:58]} Ra2 {[%clk 0:06:20]} *